00000000nam 2200000za 4500
0019.674548
003CaOODSP
00520250327133257
007cr |||||||||||
008150407|2007||||xxc|||||o    f|0| 0 iku d
020 |a978-0-662-02933-5
040 |aCaOODSP|bfre
043 |an-cn---
0861 |aH34-166/1-2007Iku2-PDF|zH34-166/1-2007S-PDF
1101 |aCanada. |bSanté Canada.
24514|a[Une grossesse en santé] |h[ressource électronique].
250 |a[Édition inuktitut].
260 |aOttawa - Ontario : |bSanté Canada |c[2007].
300 |a12p.|bphotographies
500 |aLe n° de catalogue (H34-166/1-2007S) et l’ISBN (978-0-662-02920-5) de l'édition imprimée ont été incorrectement copiés dans l’édition électronique.
546 |aTexte en inuktitut.
590 |a09-09|b2009-02-27
69107|aGrossesse|2gcpds
69107|aAutochtones|2gcpds
7760#|tHealthy pregnancy |w(CaOODSP)9.668359
791 |t[Healthy pregnancy] |eeng|w(CaOODSP)9.674547
85640|ahttp://publications.gc.ca|qPDF|s1179 Ko|uhttps://publications.gc.ca/collections/collection_2008/hc-sc/H34-166-1-2007S.pdf